| 000 | 00591cam a2200205 4500 | ||
|---|---|---|---|
| 001 | D6604 | ||
| 008 | 090401t1966 xxu||||| |||| 00| 0 eng d | ||
| 035 | _a(Sirsi) u1871 | ||
| 041 | _aeng | ||
| 050 | _a333 | ||
| 100 | _aLean, W. | ||
| 245 | _aAspects of land economics | ||
| 260 |
_aLondon _bEstates Gazette _c1966 |
||
| 300 | _aix. 414p. 22cm | ||
| 350 | _a2.93 | ||
| 520 | _aPart 1. Property as an investment. Part 2. Economics of urbanisation. Part 3. Town Planning and economics. Part 4. The construction industry | ||
| 700 | _aGoodall, B. | ||
| 942 | _n0 | ||
| 948 | _c04/03/1997 | ||
| 999 |
_c85710 _d85710 |
||